Catálogo público

El reino de los hongos : (Record no. 200576)

MARC details
000 -CABECERA
campo de control de longitud fija 00799nam a2200301Ia 4500
001 - NÚMERO DE CONTROL
campo de control Para_1981
003 - IDENTIFICADOR DEL NÚMERO DE CONTROL
campo de control CHAP
008 - DATOS DE LONGITUD FIJA--INFORMACIÓN GENERAL
campo de control de longitud fija 220125s1998 xx 000 0 und d
010 ## - NÚMERO DE CONTROL DE LA BIBLIOTECA DEL CONGRESO
Número de control de LC 200576
040 ## - FUENTE DE LA CATALOGACIÓN
Centro/agencia transcriptor CHAP
082 ## - NÚMERO DE LA CLASIFICACIÓN DECIMAL DEWEY
Número de clasificación PA 589.2 H4
100 ## - ENTRADA PRINCIPAL--NOMBRE DE PERSONA
Nombre de persona Herrera, Teófilo
9 (RLIN) 54978
245 ## - MENCIÓN DE TÍTULO
Título El reino de los hongos :
Resto del título micología básica y apicada /
Mención de responsabilidad, etc. por Teófilo Herrera y Miguel Ulloa
250 ## - MENCIÓN DE EDICIÓN
Mención de edición 2a.
260 ## - PUBLICACIÓN, DISTRIBUCIÓN, ETC.
Lugar de publicación, distribución, etc. México, DF. :
Nombre del editor, distribuidor, etc. UNAM
300 ## - DESCRIPCIÓN FÍSICA
Extensión 552 p.
503 ## - NOTA DE HISTORIA BIBLIOGRÁFICA (BK CF MU) [OBSOLETO]
Nota de historia bibliográfica C/e (ej.1)
650 ## - PUNTO DE ACCESO ADICIONAL DE MATERIA--TÉRMINO DE MATERIA
Término de materia o nombre geográfico como elemento de entrada Fitopatología
9 (RLIN) 41161
650 ## - PUNTO DE ACCESO ADICIONAL DE MATERIA--TÉRMINO DE MATERIA
Término de materia o nombre geográfico como elemento de entrada Micología
9 (RLIN) 75476
700 ## - PUNTO DE ACCESO ADICIONAL--NOMBRE DE PERSONA
Nombre de persona Ulloa, Miguel
9 (RLIN) 116060
901 ## - ELEMENTOS DE DATOS A LOCAL LDA (RLIN)
a PA 589.2 H4
902 ## - ELEMENTOS DE DATOS B LOCAL, LDB (RLIN)
a M
905 ## - ELEMENTOS DE DATOS E LOCAL, LDE (RLIN)
a 0000001998 a 0000000000 00
910 ## - DATOS DE OPCIÓN DEL USUARIO (OCLC)
Datos de opción del usuario 1998
942 ## - ELEMENTOS DE PUNTO DE ACCESO ADICIONAL (KOHA)
Tipo de ítem Koha Parasitologia_
942 ## - ELEMENTOS DE PUNTO DE ACCESO ADICIONAL (KOHA)
Tipo de ítem Koha Parasitologia_
-- 1
Holdings
Estado de retiro Estado de pérdida Fuente del sistema de clasificación o colocación Estado dañado Restricciones de uso No para préstamo Código de colección Localización permanente Ubicación/localización actual Fecha de adquisición Información codificada de la localización en otra ubicación Número de inventario Total de préstamos Renovaciones totales Signatura topográfica completa Código de barras Fecha visto por última vez Fecha del último préstamo Número de copia Precio válido a partir de Tipo de ítem Koha Nota pública
    Dewey Decimal Classification   Préstamo 3 días   General Parasitologia Agricola Parasitologia Agricola 02/02/2011 PARA (PA_09551) (No. UACh C/E) 1 1 PA 589.2 H4 4102000655 25/02/2025 14/02/2025 Ej.5 25/01/2022 Libro 3
    Dewey Decimal Classification   Préstamo interno   General Parasitologia Agricola Parasitologia Agricola 27/10/2005 PARA (PA_7620) (No. UACh 2044240)     PA 589.2 H4 4102000651 25/01/2022   Ej.1 25/01/2022 Libro 2
    Dewey Decimal Classification   Préstamo 3 días   General Parasitologia Agricola Parasitologia Agricola 27/10/2005 PARA (PA_5443) (No. UACh 207193)     PA 589.2 H4 4102000652 25/01/2022   Ej.2 25/01/2022 Libro 3
    Dewey Decimal Classification   Préstamo 3 días   General Parasitologia Agricola Parasitologia Agricola 16/02/2006 PARA (PA_8896) (No. UACh ) 3   PA 589.2 H4 4102000653 21/04/2025 03/03/2025 Ej.3 25/01/2022 Libro 3
    Dewey Decimal Classification   Préstamo 3 días   General Parasitologia Agricola Parasitologia Agricola 03/10/2008 PARA (PA_09346) (No. UACh C/E) 6 5 PA 589.2 H4 4102000654 06/05/2025 02/05/2025 Ej.4 25/01/2022 Libro 3